Broadway Mashups - Statistics

General Stats
  • This quiz has been taken 39 times
  • The average score is 9 of 11
Answer Stats
Hint Answer % Correct
The Harry Potter Play x the Stephen Schwartz musical with a title in common with a common phrase in Narnia Harry Potter and the Cursed Children of Eden
100%
The musical that mashes up many fairy tales with Stephen Sondheim music x the main character in Legally Blonde Into the Elle Woods
97%
A musical about an Austrian man's 7 children x The iconic Phantom Song The Sound of the Music of the Night
94%
The Aaron Tveit and Norbert Leo Butz musical based off the Leonardo DiCaprio and Tom Hanks movie x the ShopRite ad Catch Me if You Can Can
91%
A musical about the son of god x a musical primarily performed on roller skates Jesus Christ Superstarlight Express
91%
A nickname for a person with red hair x the musical based off the music of the GoGos Redhead over Heels
91%
A musical based on a Jack Black movie x A Jukebox musical who's movie adaptation starred Julianne Hough and Tom Cruise School of Rock of Ages
91%
The Shrek song that introduces us to the fairy tale characters x the show based on the 2012 movie that takes place mostly on a boat The Story of My Life of Pi
88%
The musical that featured "And I Am Telling You" x the Bob Dylan musical Dreamgirl from the North Country
72%
The Neil Diamond musical x an insanely funny comedy play A Beautiful Noises Off
59%
The TONY winning Broadway musical x Rogers & Hammerstein's classic about a teacher teaching children abroad The Lion King and I
59%
No matching quizzes found
Score Distribution
Percent of People with Each Score
Percentile by Number Answered
Your Score History
You have not taken this quiz